Mikä sana on keskellä? #16 - Statistics

Yleistilastot
  • Tätä visaa on pelattu 124 kertaa
  • Keskiarvotulos 6 / 14
Vastaustilastot
Sana edessä ?Sana? Sana takana % Oikein
kahvi kuppi koko
73%
lasten vaate rekki
68%
pannu kahvi paahtimo
66%
tahto tila taide
49%
eteis matto piiska
48%
käsi varsi jousi
48%
koe eläin tarha
47%
joukko liikenne ruuhka
45%
korva koru lause
43%
alus housu puku
41%
pissa poika ystävä
29%
ulko maa tila
23%
maahan muutto kuorma
23%
suora myynti tykki
11%
Ehtoja vastaavia visoja ei löytynyt
Tulosjakauma
Jokaisen tuloksen saaneiden osuus
Persentiili vastausten määrän mukaan
Tuloshistoriasi
Et ole pelannut tätä visaa